书目信息 |
| 题名: |
数码摄像机拍摄与视频编辑工坊
|
|
| 作者: | 安小龙 , 平寒 编著 | |
| 分册: | ||
| 出版信息: | 北京 中国铁道出版社 2008 |
|
| 页数: | 258页 | |
| 开本: | 23cm | |
| 丛书名: | ||
| 单 册: | ||
| 中图分类: | TN948.41 , TP391.41 | |
| 科图分类: | ||
| 主题词: | 数字控制摄像机--基本知识 , 图象处理--应用软件--基本知识 , 数字控制摄像机 , 图象处理 , 应用软件 | |
| 电子资源: | ||
| ISBN: | 978-7-113-08747-0 | |
| 000 | 01217nam0 2200313 45 | |
| 001 | 1033085281 | |
| 005 | 20100407101520.54 | |
| 010 | @a978-7-113-08747-0@dCNY39.00 | |
| 100 | @a20100401d2008 em y0chiy50 ea | |
| 101 | 0 | @achi |
| 102 | @aCN@b110000 | |
| 105 | @aa z 000yy | |
| 106 | @ar | |
| 200 | 1 | @a数码摄像机拍摄与视频编辑工坊@AShu Ma She Xiang Ji Pai She Yu Shi Pin Bian Ji Gong Fang@f安小龙,平寒编著@FAn Xiao Long, Ping Han Bian Zhu |
| 210 | @a北京@c中国铁道出版社@d2008 | |
| 215 | @a258页@c图@d23cm | |
| 300 | @a数码影像设计工坊系列 | |
| 330 | @a本书内容主要包括五个部分:摄像机的原理,摄像机的选购技巧等准备知识;持机的姿势、光线运用、画面构图以及画面拍摄等入门知识;风景的拍摄、宠物的拍摄、假日和旅游拍摄等题材拍摄方法的讲解;然后解析数码摄像中常见的各种问题;结合视频编辑软件会声会影对家庭视频编辑进行介绍。 | |
| 606 | 0 | @a数字控制摄像机@x基本知识 |
| 606 | 0 | @a图象处理@x应用软件@x基本知识 |
| 606 | 0 | @a数字控制摄像机 |
| 606 | 0 | @a图象处理 |
| 606 | 0 | @a应用软件 |
| 690 | @aTN948.41@v4 | |
| 690 | @aTP391.41@v4 | |
| 701 | 0 | @a安小龙@AAn Xiao Long@c(电脑美术)@4编著 |
| 701 | 0 | @a平寒@APing Han@4编著 |
| 801 | 0 | @aCN@bTANGWEI@c20100407 |
| 905 | @b0588252-56@dTN948.41@e234@f5 | |
| 数码摄像机拍摄与视频编辑工坊/安小龙,平寒编著.-北京:中国铁道出版社,2008 |
| 258页:图;23cm |
| 数码影像设计工坊系列 |
| ISBN 978-7-113-08747-0:CNY39.00 |
| 本书内容主要包括五个部分:摄像机的原理,摄像机的选购技巧等准备知识;持机的姿势、光线运用、画面构图以及画面拍摄等入门知识;风景的拍摄、宠物的拍摄、假日和旅游拍摄等题材拍摄方法的讲解;然后解析数码摄像中常见的各种问题;结合视频编辑软件会声会影对家庭视频编辑进行介绍。 |
| ● |
| 相关链接 |
|
|
|
|
正题名:数码摄像机拍摄与视频编辑工坊
索取号:TN948.41/234
 
预约/预借
| 序号 | 登录号 | 条形码 | 馆藏地/架位号 | 状态 | 备注 |
| 1 | 0588252 | 205882525 | 第二样本阅览室/ [索取号:TN948.41/234] | 在馆 | |
| 2 | 0588253 | 205882534 | 第三借阅区/ [索取号:TN948.41/234] | 在馆 | |
| 3 | 0588254 | 205882543 | 第三借阅区/ [索取号:TN948.41/234] | 在馆 | |
| 4 | 0588255 | 205882552 | 第三借阅区/ [索取号:TN948.41/234] | 在馆 | |
| 5 | 0588256 | 205882561 | 第三借阅区/ [索取号:TN948.41/234] | 在馆 |